| 000 | 00519nam a2200193Ia 4500 | ||
|---|---|---|---|
| 003 | OSt | ||
| 005 | 20250125104930.0 | ||
| 008 | 210716s1995 xx 000 0 und d | ||
| 020 | _a0446603066 | ||
| 040 | _cAIMIT LIBRARY | ||
| 041 | _aeng | ||
| 082 |
_a808.83 _21 _bSLOS |
||
| 100 |
_aSloan, Susan R. _9195445 |
||
| 245 |
_aGuilt by association / _cBy Susan R Sloan. |
||
| 250 | _a1st ed. | ||
| 260 |
_aNew York : _bWarner books ; _c1995. |
||
| 300 |
_a529p. ; _bPB _c17 cm. |
||
| 942 |
_2ddc _cBK _e1st ed. _k808.83 SLOS |
||
| 999 |
_c199869 _d199869 |
||